000 00611nam a22001697a 4500
003 OSt
005 20251204100932.0
008 251204b |||||||| |||| 00| 0 eng d
040 _aAIU Library- Kenya
_beng
_cAIU Library- Kenya
050 _aBS 1255
_b.M64 2023
100 _aMojola, Aloo Osotsi/
_eauthor.
_911183
245 _aLaanguage, Bible Translation & Culture /
_bNavigating Troubling & Tempestous Waters.
_cby Aloo Osotsi Mojola.
260 _aNairobi, Kenya,
_bBible Society of Kenya;
_c2023.
300 _aix , 374 pages;
504 _aIncludes bibliographic references and index.
942 _2lcc
_cAFR(G)
999 _c68767
_d68741